Elden Ring Announcement Trailer Script - Statistics

General Stats
  • This quiz has been taken 62 times
  • The average score is 18 of 42
Answer Stats
Answer % Correct
the
97%
The
97%
the
97%
Elden
82%
Elden
82%
Ring...
82%
Ring...
82%
I
76%
it...
55%
it.
55%
It
55%
you
55%
you
55%
even
39%
imagine
39%
...oh
39%
at
36%
could
36%
doubt
36%
see
36%
stars...
36%
up
36%
burns.
33%
Look
33%
Shattered...
33%
sky.
33%
tell
33%
...that
30%
which
30%
Don't
27%
don't
27%
me
27%
...by
24%
commanded
24%
its
24%
...or
24%
brilliance.
21%
life
21%
someone...
21%
something
21%
...giving
18%
fullest
15%
No matching quizzes found
Score Distribution
Percent of People with Each Score
Percentile by Number Answered
Your Score History
You have not taken this quiz